El lenguaje y el pensamiento en el niño / (Record no. 118765)

MARC details
000 -LEADER
campo de control de longitud fija 00912nam a2200241 4500
001 - NÚMERO DE CONTROL
campo de control 118765
003 - IDENTIFICADOR DE NÚMERO DE CONTROL
campo de control ES-MaACL
005 - FECHA Y HORA DE LA ÚLTIMA TRANSACCIÓN
campo de control 20251015063123.0
007 - CAMPO FIJO DE DESCRIPCIÓN FÍSICA--INFORMACIÓN GENERAL
campo de control de longitud fija t|
008 - DATOS DE LONGITUD FIJA--INFORMACIÓN GENERAL
campo de control de longitud fija 070214n19201929sp r ||||1| spa d
080 ## - NÚMERO DE LA CLASIFICACIÓN DECIMAL UNIVERSAL
Número de la Clasificación Decimal Universal 159.922.74
100 1# - ENTRADA PRINCIPAL--NOMBRE DE PERSONA
Nombre de persona Piaget, Jean,
Fechas asociadas al nombre 1896-1980
9 (RLIN) 91738
245 13 - MENCIÓN DEL TÍTULO
Título El lenguaje y el pensamiento en el niño /
Mención de responsabilidad, etc. Jean Piaget ; con la colaboración de A. Deslex [et al.] ; prefacio de Claparède ; traducción por D. Barnés.
260 ## - PUBLICACIÓN, DISTRIBUCIÓN, ETC.
Lugar de publicación, distribución, etc. Madrid :
Nombre del editor, distribuidor, etc. Ed. de la Lectura,
Fecha de publicación, distribución, etc. [192_?]
300 ## - DESCRIPCIÓN FÍSICA
Extensión 255 p. ;
Dimensiones 24 cm.
490 1# - MENCIÓN DE SERIE
Mención de serie Colección del Instituto Internacional de Educación. Ginebra
700 1# - ENTRADA AGREGADA--NOMBRE PERSONAL
Nombre de persona Deslex, A.
9 (RLIN) 43892
700 0# - ENTRADA AGREGADA--NOMBRE PERSONAL
Nombre de persona Claparède, Edouard.
9 (RLIN) 38984
700 1# - ENTRADA AGREGADA--NOMBRE PERSONAL
Nombre de persona Barnés, Domingo,
Fechas asociadas al nombre 1879-1940
9 (RLIN) 25714
830 0# - PUNTO DE ACCESO ADICIONAL DE SERIE-TÍTULO UNIFORME
Título uniforme Colección del Instituto Internacional de Educación. Ginebra
9 (RLIN) 218537
852 ## - LOCALIZACIÓN
Ubicación ES-MaACL
Número de control de estantería A-4799
Sublocalización o colección R.16760
Holdings
Estatus retirado Estado de pérdida Estado de daño No para préstamo Biblioteca de origen Biblioteca actual Ubicación en estantería Fecha de adquisición Fuente de adquisición Total de préstamos Signatura topográfica completa Código de barras Visto por última vez Precio de reemplazo Tipo de ítem Koha
        Biblioteca del Ateneo de Madrid Biblioteca del Ateneo de Madrid Sala Pecera Planta 1 17/01/2008     A-4799 1123811 23/02/2023 23/02/2023 Libro impreso